Loading...
| Social Science | 1 | 5 | 1 | 0 | 60 | 61 | 108.50 | 2 | 4 | 0.00 | 0.00 |
| Fine Arts - Other | 1 | 4 | 0 | 1 | 55 | 95 | 120.60 | 2 | 4 | 0.00 | 0.00 |
| History - American | 2 | 3 | 2 | 0 | 50 | 51 | 78.40 | 1 | 4 | 0.00 | 0.00 |
| Science - Physics | 0 | 5 | 0 | 0 | 50 | 84 | 112.60 | 2 | 3 | 0.00 | 0.00 |
| Current Events | 2 | 2 | 2 | 0 | 40 | 38 | 60.50 | 1 | 3 | 0.00 | 0.00 |
| Philosophy | 0 | 4 | 1 | 2 | 35 | 110 | 136.25 | 0 | 1 | 0.00 | 0.00 |
| History - Other | 1 | 2 | 1 | 0 | 30 | 16 | 58.67 | 1 | 2 | 0.00 | 0.00 |
| History - World | 0 | 4 | 2 | 0 | 30 | 80 | 90.25 | 2 | 3 | 0.00 | 0.00 |
| Literature - Drama | 0 | 3 | 0 | 0 | 30 | 102 | 130.67 | 0 | 1 | 0.00 | 0.00 |
| Religion | 1 | 2 | 2 | 0 | 25 | 46 | 104.00 | 1 | 2 | 0.00 | 0.00 |
| Short Fiction and Other | 0 | 3 | 1 | 0 | 25 | 121 | 132.33 | 0 | 0 | 0.00 | 0.00 |
| Fine Arts - Classical Music | 0 | 2 | 0 | 0 | 20 | 94 | 104.00 | 1 | 2 | 0.00 | 0.00 |
| Fine Arts - Painting and Sculpture | 0 | 2 | 0 | 0 | 20 | 111 | 129.50 | 0 | 0 | 0.00 | 0.00 |
| Other Academic | 0 | 3 | 2 | 2 | 20 | 109 | 135.67 | 0 | 1 | 0.00 | 0.00 |
| Literature - Long Fiction | 0 | 2 | 2 | 0 | 10 | 82 | 102.00 | 0 | 2 | 0.00 | 0.00 |
| Literature - Poetry | 0 | 1 | 0 | 1 | 10 | 155 | 155.00 | 0 | 0 | 0.00 | 0.00 |
| Science - Other | 0 | 1 | 0 | 0 | 10 | 87 | 87.00 | 0 | 1 | 0.00 | 0.00 |
| History - European | 0 | 2 | 2 | 0 | 10 | 94 | 99.50 | 0 | 1 | 0.00 | 0.00 |
| Mythology | 0 | 1 | 1 | 0 | 5 | 117 | 117.00 | 0 | 1 | 0.00 | 0.00 |
| Geography | 0 | 2 | 3 | 0 | 5 | 118 | 118.00 | 0 | 1 | 0.00 | 0.00 |
| Science - Chemistry | 0 | 1 | 2 | 0 | 0 | 135 | 135.00 | 0 | 1 | 0.00 | 0.00 |
| Literature - Misc | 0 | 0 | 1 | 0 | -5 | 0.00 | 0 | 0 | 0.00 | 0.00 |